Kịch bản chèo/ Quyển 2
v.v...
Đã lưu trong:
| Tác giả chính: | |
|---|---|
| Định dạng: | Sách |
| Năm xuất bản: |
H.
Khoa học xã hội
2014
|
| Chủ đề: | |
| Tags: |
Thêm thẻ
Không có thẻ, Hãy là người đầu tiên gắn thẻ bản ghi này!
|
| LEADER | 00817nam a2200181 4500 | ||
|---|---|---|---|
| 999 | |c 1243 |d 1243 | ||
| 082 | |a 398.3578 |b H100V | ||
| 100 | |a Hà Văn Cầu | ||
| 245 | |a Kịch bản chèo/ |c Hà Văn Cầu chủ biên, Hà Văn Trụ biên soạn |n Quyển 2 | ||
| 260 | |a H. |b Khoa học xã hội |c 2014 | ||
| 300 | |a 629tr. |c 21cm | ||
| 520 | |a v.v... | ||
| 653 | |a Văn hóa dân gian | ||
| 653 | |a Việt Nam | ||
| 653 | |a Kịch chèo | ||
| 942 | |2 ddc |c SH | ||
| 952 | |0 0 |1 0 |2 ddc |4 0 |6 398_357800000000000_H100V |7 0 |8 300 |9 23952 |a qbu |b qbu |c D2 |d 2014-12-05 |g 126000 |o 398.3578 H100V |p 5771.c1 |w 2014-12-05 |y SH |0 0 |6 398_357800000000000_H100V |0 0 |6 398_357800000000000_H100V | ||
| 952 | |0 0 |1 0 |2 ddc |4 0 |6 398_357800000000000_H100V |7 0 |8 300 |9 76944 |a qbu |b qbu |c D2 |d 2015-06-10 |g 126000 |o 398.3578 H100V |p 5771.c2 |w 2015-06-10 |y SH |0 0 |6 398_357800000000000_H100V | ||